000 01132nam0a22002771 4500
001 RU\NLR\KADK\52942
005 20251203171251.9
035 _a(NLR Aleph) 009862669
090 _a10391375
_c10391375
100 _a20000217d1849 u y0rusy50 ca
101 0 _afre
102 _aRU
200 1 _aSouvenirs et impressions d'un officier russe pendant les campagnes de 1812, 1813 et 1814, avec la Relation de la bataille de Borodino
210 _aSaint-Pétersbourg [St.- Peterburg]
_cImprimerie française
_d1849
215 _a[6], 126 с.
_d8°(23 см)
300 _aАвт.: N.-B. Galitzin. Установл. по: Barbier.- T. 4
317 _aОба экз. со штампом Лен. Воен. б-ки, без наклейки Б-ки 1-го Кадет. корп.
_5Рэ ШК / G-626 Q 2 экз.
620 _dSt.- Peterburg
700 1 _6z01790
_aGolicyn
_bN.B.
_f1794-1866
_gNikolaj Borisoviç
_4070
790 1 _6z01700
_aGalitzin
_bN.-B.
_4070
801 0 _aRU
_bNLR
_c20000217
852 _aNLR
_bБ-ка 1-го Кадет. Корп.
_jРэ ШК / G-626 Q 2 экз.
942 _cBOOK
980 _aNB
980 _aKADK